Countries That Visit Turkey The Most - Statistics

General Stats
  • This quiz has been taken 58 times
  • The average score is 11 of 14
Answer Stats
Tourists Country % Correct
7,017,657 Russia
98%
875,957 France
94%
5,027,472 Germany
92%
2,562,064 United Kingdom
92%
836,882 Greece
90%
1,547,996 Ukraine
82%
2,102,890 Iran
80%
1,374,896 Iraq
80%
2,713,464 Bulgaria
75%
1,995,254 Georgia
75%
901,723 Azerbaijan
73%
763,320 Romania
73%
880,839 Poland
59%
1,117,290 Netherlands
49%
No matching quizzes found
Score Distribution
Percent of People with Each Score
Percentile by Number Answered
Your Score History
You have not taken this quiz